000 00477nam a2200181Ia 4500
008 090123s9999 xx 000 0 und d
082 _b170
100 _aफडके ना. सी.
245 _aपडछाया
250 _a1
260 _bकुलकर्णी अ.अ.
300 _a143
600 _aफडके ना. सी.
630 _aपडछाया
700 _aफडके ना. सी.
730 _aपडछाया
942 _cBOOK
999 _c38258
_d38258